| 000 | 00626nam a22002057a 4500 | ||
|---|---|---|---|
| 999 |
_c7222 _d7222 |
||
| 001 | 1000 | ||
| 003 | BD-DhUAP | ||
| 005 | 20210117154046.0 | ||
| 008 | 210117s1997 ii a|||| |||| 001 0 eng d | ||
| 020 | _a8187105720 | ||
| 040 |
_aBD-DhUAP _bEng _cBD-DhUAP _dBD-DhUAP |
||
| 082 |
_223 _a005.133 VIS |
||
| 245 |
_aVisual Basics 5 fundamentals unleashed / _cMike Amundsen ... [et al.]. |
||
| 260 |
_aNew Delhi : _bTechmedia, _cc1997. |
||
| 300 |
_axvi, 606 pages : _billustrations ; _c24 cm. |
||
| 500 | _aIncludes index. | ||
| 650 | _aBASIC (Computer program language). | ||
| 650 | _aMicrosoft Visual BASIC. | ||
| 942 |
_2ddc _cBK |
||